Combined Country to Capital - Oceania - Statistics

General Stats
  • This quiz has been taken 23 times
  • The average score is 24 of 28
Answer Stats
Combined Separated % Correct
New Zellington New Zealand
100%
Micrikir Federated States Of Micronesia
95%
Fiva Fiji
95%
Kirawa Kiribati
95%
Palulmud Palau
95%
Suva
95%
Vanila Vanuatu
95%
Wellington
95%
Austrerra Australia
89%
Canberra
89%
Marshuro Marshall Islands
89%
Nauren Nauru
89%
Papesby Papua New Guinea
89%
Port Moresby
89%
Samia Samoa
89%
Ton’alofa Tonga
89%
Tuvafuti Tuvalu
89%
Apia
84%
Honiara
84%
Solniara Solomon Islands
84%
Funafuti
79%
South Tarawa
79%
Yaren
79%
Ngerulmud
74%
Nuku’alofa
74%
Port Vila
74%
Majuro
68%
Palikir
68%
No matching quizzes found
Score Distribution
Percent of People with Each Score
Percentile by Number Answered
Your Score History
You have not taken this quiz